LEADER 01780nam 2200445 450 001 9910583056003321 005 20230120002502.0 010 $a0-323-39402-7 010 $a0-323-39393-4 035 $a(CKB)3710000001099872 035 $a(MiAaPQ)EBC5507985 035 $a(EXLCZ)993710000001099872 100 $a20180925d2018 uy 0 101 0 $aeng 135 $aurcnu|||||||| 181 $ctxt$2rdacontent 182 $cc$2rdamedia 183 $acr$2rdacarrier 200 10$aCosmetic facial surgery /$fJoe Niamtu, III, DMD, Private Practice, Cosmetic, Richmond, Virginia, Fellow, American Academy of Cosmetic Surgery, Diplomat, American Board of Cosmetic Facial Surgery 205 $aSecond edition. 210 1$aEdinburgh :$cElsevier,$d[2018] 210 4$d©2018 215 $a1 online resource (xii, 795 pages) $cillustrations 320 $aIncludes bibliographical references and index. 327 $aThe Aging Face -- Evaluation of the Cosmetic Facial Surgery Patient -- Facelift Surgery (Cervicofacial Rhytidectomy) -- Brow and Forehead Lift -- Cosmetic Blepharoplasty -- Rhinoplasty -- Facial Implants -- Cosmetic Otoplasty and Related Ear Surgery -- Neuromodulators (Neurotoxins) -- Injectable Fillers -- Cosmetic Lip Surgery -- Lifetime Skincare -- Laser Skin Resurfacing -- Chemical Peel -- Management of Cerviofacial Fat. 606 $aSurgery, Plastic 606 $aFace$xSurgery 606 $aAnesthesia 615 0$aSurgery, Plastic. 615 0$aFace$xSurgery. 615 12$aAnesthesia 676 $a617.9/52 700 $aNiamtu$b Joseph$0878891 801 0$bMiAaPQ 801 1$bMiAaPQ 801 2$bMiAaPQ 906 $aBOOK 912 $a9910583056003321 996 $aCosmetic facial surgery$92201195 997 $aUNINA LEADER 01596nam0 22003251i 450 001 UON00445630 005 20231205105013.894 010 $a978-88-240-1424-3 100 $a20141023d2009 |0itac50 ba 101 $aita 102 $aIT 105 $a|||| ||||| 200 1 $aˆI ‰Fori Imperiali e i mercati di Traiano$estoria e descrizione dei monumenti alla luce degli studi e degli scavi recenti$fRoberto Meneghini 205 $aRoma : Istituto Poligrafico e Zecca dello Stato$b2009 210 $a277 p.$cill. ; 29 cm 215 $aIn testa al front.: Soprintendenza ai Beni Culturali del Comune di Roma 316 $aDono Istituto poligrafico Zecca dello Stato$5IT-UONSI N 2ROMA057 410 1$1001UON00445633$12001 $aArcheologia del territorio 606 $aSiti archeologici$xRoma$xFori imperiali$3UONC086355$2FI 606 $aSiti archeologici$xRoma$xMercati di Traiano$3UONC086356$2FI 620 $aIT$dRoma$3UONL000004 676 $a937.06$cStoria dell'impero romano$v21 700 1$aMENEGHINI$bRoberto$3UONV076040$0151935 712 $aIstituto Poligrafico e Zecca dello Stato. Libreria dello Stato$3UONV246408$4650 801 $aIT$bSOL$c20260306$gRICA 899 $aSIBA - SISTEMA BIBLIOTECARIO DI ATENEO E ARCHIVIO STORICO$2UONSI 912 $aUON00445630 950 $aSIBA - SISTEMA BIBLIOTECARIO DI ATENEO E ARCHIVIO STORICO$dSI N 2 ROMA 057 $eSI 11477 7 Dono Istituto poligrafico Zecca dello Stato 996 $aFori Imperiali e i mercati di Traiano$91330833 997 $aUNIOR